000
00375nam a2200145Ia 4500
008
231129s1981||||xx |||||||||||||| ||spa||
020
_a
84-02-08082-0
040
_b
spa
082
_a
F843 M268d
100
_a
Manchette J.P.
245
0
_a
Dejad que los cadaveres se bronceen
260
_c
1981
264
_a
Bruguera
942
_2
ddc
_c
BKS
999
_c
8881
_d
8881